Szczegóły MARC21

Discourse variation across communities, cultures and times /

003 -Nazwa inst., której nr kontr. jest w polu 001 [,]
    • @
    • Nazwa instytucji, której n kontrolny jest w polu 001
    • NUKAT
005 -DATA I CZAS OSTATNIEJ MODYFIKACJI [,]
    • @
    • pole kontrolne
    • 20241231105835.0
020 -Międzynarod. znormalizowany nr książki - ISBN [ , ]
    • a
    • Numer ISBN
    • 9788392645986 Find
040 -Instytucja sporządzająca opis [ , ]
    • a
    • Instytucja, która sporządziła opis (NP)
    • KR U/moz
    • c
    • Instytucja, która sporządziła rekord (NP)
    • KR U/moz
    • d
    • Instytucja, która zmodyfikowała rekord (P)
    • KR U/sid
    • d
    • Instytucja, która zmodyfikowała rekord (P)
    • WA U/JKs
041 -Język dokumentu [0, ]
    • a
    • Język tekstu (P)
    • angielski
    • a
    • Język tekstu (P)
    • polski
942 -Rodzaj dokumentu [ , ]
    • c
    • Rodzaj dokumentu
    • Książka
245 -Strefa tytułu i oznaczenia odpowiedzialności [0,0]
    • a
    • Tytuł
    • Discourse variation across communities, cultures and times / Find
    • c
    • Pozostałe elementy strefy tytułu i oznaczenia odpowiedzialności (NP)
    • Urszula Okulska and Grzegorz Kowalski (eds.).
260 -Strefa adresu wydawniczego [ , ]
    • a
    • Miejsce wydania (P)
    • Warsaw :
    • b
    • Nazwa wydawcy (P)
    • Institute of Applied Linguistics. University of Warsaw,
    • c
    • Data wydania (P)
    • 2008.
300 -Strefa opisu fizycznego [ , ]
    • a
    • Określenie formy książki i/lub objętość (NP)
    • 349, [2] s. ;
    • c
    • Format (NP)
    • 24 cm.
336 -Typ zawartości [ , ]
    • a
    • Termin opisujący typ zawartości
    • Tekst
    • b
    • Kod określający zawartość
    • txt
    • 2
    • Źródło (terminu i kodu)
    • rdacontent
337 -Typ mediów [ , ]
    • a
    • Tryb odtwarzania
    • Bez urządzenia pośredniczącego
    • b
    • Kod typu mediów
    • n
    • 2
    • Źródło (terminu i kodu)
    • rdamedia
338 -Typ/rodzaj nośnika [ , ]
    • a
    • Hasło opisujące typ nośnika
    • Wolumin
    • b
    • Kod typu nośnika
    • nc
    • 2
    • Źródło (terminu i kodu)
    • rdacarrier
490 -Strefa serii i książki wielotomowej - forma nie do wyszukiwania [1, ]
    • a
    • Tytuł (P)
    • Language in Social Interaction. Synchronic and Diachronic Perspectives ; Find
    • v
    • Numeracja (P)
    • vol. 1
830 -Hasło dodatkowe serii i opisu książki wielotomowej - tytuł ujednolicony/tytuł [ ,0]
    • a
    • Tytuł ujednolicony/tytuł (NP)
    • Language in Social Interaction
    • x
    • ISSN
    • 2657-4241
    • v
    • Oznaczenie tomu (NP)
    • vol. 1
    • 9
    • KHW
    • 645230
504 -Uwaga dot. bibliogr. załącznikowej [ , ]
    • a
    • Uwaga dot. bibliografii załącznikowej
    • Bibliogr. przy rozdz.
546 -Uwaga dot. języka [ , ]
    • a
    • Uwaga dot. języka
    • Tekst częśc. w jęz. pol.
080 -Uniwersalna Klasyfikacja Dziesiętna [ , ]
    • 2
    • Identyfikator wydania tablic
    • UDC-P058
    • a
    • Symbol klasyfikacji
    • 81’27
    • b
    • Dopowiedzenie
    • Socjolingwistyka. Stosowanie języka.
    • x
    • Poddział wspólny
    • (082.1)
    • b
    • Dopowiedzenie
    • (Zbiory prac różnych autorów. Księgi pamiątkowe).
    • x
    • Poddział wspólny
    • =111
    • b
    • Dopowiedzenie
    • =Język angielski.
650 -Hasło przedmiotowe [ ,7]
    • a
    • Hasło przedmiotowe
    • Mowa spontaniczna.
    • 2
    • Źródło terminu
    • kaba
    • 9
    • KHW
    • 168820
650 -Hasło przedmiotowe [ ,7]
    • a
    • Hasło przedmiotowe
    • Internet
    • x
    • Określnik rzeczowy
    • aspekt społeczny.
    • 2
    • Źródło terminu
    • kaba
    • 9
    • KHW
    • 112242
650 -Hasło przedmiotowe [ ,7]
    • a
    • Hasło przedmiotowe
    • Mass media i język.
    • 2
    • Źródło terminu
    • kaba
    • 9
    • KHW
    • 118507
650 -Hasło przedmiotowe [ ,7]
    • a
    • Hasło przedmiotowe
    • Blogi.
    • 2
    • Źródło terminu
    • kaba
    • 9
    • KHW
    • 154116
650 -Hasło przedmiotowe [ ,7]
    • a
    • Hasło przedmiotowe
    • Zmiana językowa
    • y
    • Określnik chronologiczny
    • 1990-.
    • 2
    • Źródło terminu
    • kaba
    • 9
    • KHW
    • 582363
980 -Symbol UKD [ , ]
    • a
    • UKD
    • 81’27(082.1)=111
700 -Hasło dodatkowe - nazwa osobowa [1, ]
    • a
    • Nazwa osobowa (NP)
    • Okulska, Urszula Find
    • c
    • Dopowiedzenie inne niż daty biograficzne (NP)
    • (lingwistyka).
    • e
    • Określenie rodzaju współpracy
    • Red.
    • 9
    • KHW
    • 645229
700 -Hasło dodatkowe - nazwa osobowa [1, ]
    • a
    • Nazwa osobowa (NP)
    • Kowalski, Grzegorz Find
    • c
    • Dopowiedzenie inne niż daty biograficzne (NP)
    • (lingwistyka).
    • e
    • Określenie rodzaju współpracy
    • Red.
    • 9
    • KHW
    • 83503
920 -ISBN [ , ]
    • a
    • ISBN
    • 978-83-926459-8-6 Find
Lokalizacja Data inwentaryzacji Status udost. Numer inwentarzowy Sygnatura
BM2009-06-011A.8425ANG. Dyskurs 26